All Moana Characters By Screen Time - Statistics

General Stats
  • This quiz has been taken 29 times
  • The average score is 6 of 11
Answer Stats
% Of Movie Screen Time Answer % Correct
31.38 33:37 Maui
100%
62.09 1:06:31 Moana
95%
6.97 7:28 Hei Hei
73%
9.97 10:41 Te Fiti/Te Ka
68%
5.62 6:01 Tamatoa
64%
1.85 1:56 Pua
59%
6.89 7:23 Tui
41%
10.07 10:47 Tala
36%
4.34 4:39 Sina
32%
4.60 4:56 Ocean
18%
12.29 13:10 Mini Maui
14%
No matching quizzes found
Score Distribution
Percent of People with Each Score
Percentile by Number Answered
Your Score History
You have not taken this quiz